000 01015cab a2200277 4500
001 ABS54784
008 090401t1996 xxu||||| |||| 00| 0 eng d
035 _a(Sirsi) u12247
041 _aeng
100 _aHamelink, F.
245 _aSwiss real estate as a hedge against inflation : new evidence using hedonic and autoregressive models
260 _c1996
350 _a0
490 _aJournal of Property Finance
_v7(1) 1996, 33-49(9)
520 _aTests the inflation-hedging effectiveness of Swiss real estate. Four proxies for expected inflation are used, two of them being based on autoregressive conditional heteroscedasticity models (ARCH-M and QTARCH). References. (Journal abstract)
650 _aPROPERTY-COMMERCIAL PROPERTY
650 _aFINANCIAL MODELLING
650 _aHEDGING METHODS
650 _aINFLATION
650 _aSWITZERLAND
690 _aPROPERTY-PROPERTY FINANCE AND INVESTMENT
690 _aOVERSEAS-EUROPE
700 _aHoesli, M.
942 _n0
948 _c04/03/1997
999 _c7839
_d7839